000 00621nam a2200205 i 4500
001 27786
003 ES-MaACL
005 20251015063046.0
007 t|
008 030115s1935 fr ||||1| fre d
100 1 _aBabelon, Jean,
_d1889-1978
_924413
245 1 0 _aAlcibiade 450-404 avant J.C. /
_cJean Babelon.
260 _aParís :
_bPayot,
_c1935 (
_eDijon :
_fDarantierre)
300 _a256 p. :
_bil. ;
_c23 cm.
490 1 _aBibliothèque historique
600 0 4 _aAlcibíades
_9125591
830 0 _aBibliothèque historique
_9180899
852 _aES-MaACL
_jA-3518
_bR.14960
999 _c27786
_d27786